Statistics for Cities with the Busiest Costco

Click here to take the quiz!

General Stats

  • This quiz has been taken 15 times
  • The average score is 4 of 10

Answer Stats

RankingAnswer% Correct
3. USLos Angeles Maria Del Rey
92%
2. JapanTokyo Makuhari
75%
5. AustraliaMelbourne Docklands
67%
7. UKBirmingham
58%
4. South KoreaSeoul Yangjae
58%
6. USSalt Lake City
17%
1., USHonolulu Iwilei
8%
8. CanadaBurnaby
0%
9. TaiwanTaichung Dajia
0%
10. MexicoTalnepantla
0%

Score Distribution

Percentile by Number Answered

Percent of People with Each Score

Your Score History

You have not taken this quiz